| 000 | 00593nam a2200217 a 4500 | ||
|---|---|---|---|
| 005 | 20210916075128.0 | ||
| 008 | 020528s1991 mx r 000 0 spa d | ||
| 020 | _a9686005706 | ||
| 035 | _aUPN01000117476 | ||
| 049 | _aCG | ||
| 050 | 4 |
_aPQ8498.32 A6.5 _bC3.6 |
|
| 100 | 1 |
_aVargas Llosa, Mario, _d1936- _929481 |
|
| 245 | 1 | 0 |
_aCarta de batalla por Tirant lo Blanc / _cMario Vargas Llosa. |
| 260 |
_aMéxico : _bSeix Barral, _c1991. |
||
| 300 | _a106 p. | ||
| 440 | 0 | _aBiblioteca breve | |
| 650 | 4 |
_aLITERATURA PERUANA _919400 |
|
| 901 | _a185091 | ||
| 902 | _aMCM/rrl. | ||
| 905 | _aLibro | ||
| 999 |
_c89971 _d89971 |
||